00331 2200145 4500245004700000250001100047100002000058650001700078650001600095005001900111260001800130041001400148084001400162336000900176 aRumah Diujung SenjacMalisa SappanahhText aCet. 1 aMalisa Sappanah aAutobiografi aKarya Siswa a20250522111244 aJakartac2025 aIndonesia a081 MAL r atext